EVALUATING AND SELECTING EFL TEACHING MATERIALS: WITH A GLOSSARY OF BASIC EFL TERMS (Record no. 173753)

MARC details
000 -LEADER
fixed length control field 00633nam a2200193Ia 4500
003 - CONTROL NUMBER IDENTIFIER
control field OSt
005 - DATE AND TIME OF LATEST TRANSACTION
control field 20260218102020.0
020 ## - INTERNATIONAL STANDARD BOOK NUMBER
International Standard Book Number 0-435-28006-6
040 ## - CATALOGING SOURCE
Transcribing agency LC
050 ## - LIBRARY OF CONGRESS CALL NUMBER
Classification number PE 1128 .A2 C 86 1988
100 ## - MAIN ENTRY--PERSONAL NAME
Personal name CUNNINGSWORTH ,ALAN
245 #0 - TITLE STATEMENT
Title EVALUATING AND SELECTING EFL TEACHING MATERIALS: WITH A GLOSSARY OF BASIC EFL TERMS
260 ## - PUBLICATION, DISTRIBUTION, ETC.
Place of publication, distribution, etc. LONDON,
Name of publisher, distributor, etc. HEINEMANN EDUCATIONAL BOOKS,
Date of publication, distribution, etc. 1988,
300 ## - PHYSICAL DESCRIPTION
Extent 104 P, ILL
500 ## - GENERAL NOTE
General note INCLUDES BIBLIOGRAPHICAL REFERENCES AND INDEX
650 ## - SUBJECT ADDED ENTRY--TOPICAL TERM
Topical term or geographic name entry element 1.ENGLISH LANGUAGE-STUDY AND TEACHING-FOREIGN SPEAKERS 2. TEACHING-AIDS AND DEVICES
700 ## - ADDED ENTRY--PERSONAL NAME
Personal name TOMLINSON BRIAN
942 ## - ADDED ENTRY ELEMENTS (KOHA)
Koha item type Long Loan Book
Source of classification or shelving scheme Library of Congress Classification
Holdings
Withdrawn status Lost status Source of classification or shelving scheme Damaged status Not for loan Collection Home library Current library Shelving location Date acquired Inventory number Total checkouts Full call number Barcode Date last seen Copy number Price effective from Koha item type
    Library of Congress Classification     Arts & Social Sciences Kisii University Library Kisii University Library On Display 05/14/2024 19583   PE 1128 .A2 C86 1984 048063 05/14/2024 1 05/14/2024 Long Loan Book
    Library of Congress Classification     Arts & Social Sciences Kisii University Library Kisii University Library On Display 05/14/2024 19582   PE 1128 .A2 C86 1984 048062 05/14/2024 3 05/14/2024 Long Loan Book